| 000 | 00892cam a22002657a 4500 | ||
|---|---|---|---|
| 001 | 2295 | ||
| 005 | 20231115114427.0 | ||
| 020 | _a0439696569 | ||
| 020 | _a9780439696562 | ||
| 040 |
_aOCO _cOCO _dOCLCQ _dOCL _dBAKER _dDLC _beng |
||
| 050 | 0 | 0 |
_aPZ7 .B7633 _bCjiw 2005 |
| 082 | _a975.3 | ||
| 100 | 1 | _aBridwell, Norman | |
| 245 | 1 | 0 |
_aClifford goes to Washington / _cNorman Bridwell. |
| 250 | _aFirst printing, January 2005 | ||
| 260 |
_aNew York : _bScholastic, _c2005 |
||
| 300 |
_a30 unnumbered pages : _billustrations _c20x20 cm |
||
| 505 | _aH | ||
| 520 | _aWhen Clifford's pal, Riley, gets invited to Washington, D.C., Clifford goes along and visits famous statues, national monuments, and even the First Lady. | ||
| 521 |
_a490 _bLexile |
||
| 521 |
_aH _bRaz-Plus |
||
| 650 | 0 |
_aDogs _vJuvenile fiction. |
|
| 906 |
_a7 _bcbc _ccopycat _d2 _encip _f20 _gy-gencatlg |
||
| 942 |
_2ddc _cBK _n0 |
||
| 999 |
_c2295 _d2295 |
||